Language Quiz

Random Language or French Quiz

French: Unit 10 - Four Regular Verbs Quiz Stats

Quiz not verified by Sporcle

Challenge
Share
Tweet
Embed
Score 0/156 Timer 10:00
0 Plays Today
Hint Answer % Correct
PARLER Présentparle
100%
PARLER Présentparles
100%
PARLER Présentparle
100%
PARLER Présentparlons
100%
PARLER Présentparlez
100%
PARLER Présentparlent
100%
FINIR Présentfinis
100%
FINIR Présentfinis
95%
FINIR Présentfinit
95%
FINIR Présentfinissons
95%
FINIR Présentfinissez
95%
FINIR Présentfinissent
95%
VENDRE Présentvends
95%
VENDRE Présentvends
95%
VENDRE Présentvend
95%
VENDRE Présentvendons
95%
VENDRE Présentvendez
95%
VENDRE Présentvendent
95%
SE LAVER Présentme lave
90%
SE LAVER Présentte laves
90%
SE LAVER Présentse lave
90%
SE LAVER Présentnous lavons
90%
SE LAVER Présentvous lavez
90%
SE LAVER Présentse lavent
90%
PARLER Passé Composéai parlé
78.9%
PARLER Passé Composéas parlé
78.9%
PARLER Passé Composéa parlé
78.9%
PARLER Passé Composéavons parlé
78.9%
PARLER Passé Composéavez parlé
78.9%
PARLER Passé Composéont parlé
78.9%
FINIR Passé Composéai fini
78.9%
FINIR Passé Composéas fini
78.9%
FINIR Passé Composéa fini
78.9%
FINIR Passé Composéavons fini
78.9%
FINIR Passé Composéavez fini
78.9%
FINIR Passé Composéont fini
78.9%
VENDRE Passé Composéas vendu
78.9%
VENDRE Passé Composéai vendu
78.9%
VENDRE Passé Composéa vendu
78.9%
VENDRE Passé Composéavons vendu
78.9%
VENDRE Passé Composéavez vendu
78.9%
VENDRE Passé Composéont vendu
78.9%
SE LAVER Passé Composéme suis lavé
73.7%
SE LAVER Passé Composét'es lavé
73.7%
SE LAVER Passé Composés'est lavé
73.7%
PARLER Imparfaitparlais
72.2%
PARLER Imparfaitparlais
72.2%
PARLER Imparfaitparlait
72.2%
PARLER Imparfaitparlions
72.2%
PARLER Imparfaitparliez
72.2%
PARLER Imparfaitparlaient
72.2%
SE LAVER Passé Composénous sommes lavés
68.4%
Hint Answer % Correct
SE LAVER Passé Composévous êtes lavés
68.4%
FINIR Imparfaitfinissais
66.7%
FINIR Imparfaitfinissais
66.7%
FINIR Imparfaitfinissait
66.7%
FINIR Imparfaitfinissions
66.7%
FINIR Imparfaitfinissiez
66.7%
FINIR Imparfaitfinissaient
66.7%
VENDRE Imparfaitvendais
66.7%
VENDRE Imparfaitvendais
66.7%
VENDRE Imparfaitvendait
66.7%
VENDRE Imparfaitvendions
66.7%
VENDRE Imparfaitvendiez
66.7%
VENDRE Imparfaitvendaient
66.7%
SE LAVER Imparfaitme lavais
66.7%
SE LAVER Imparfaitte lavais
66.7%
SE LAVER Imparfaitse lavait
66.7%
SE LAVER Imparfaitnous lavions
66.7%
PARLER Futurparlerai
66.7%
PARLER Futurparleras
66.7%
PARLER Futurparlera
66.7%
PARLER Futurparlerons
66.7%
PARLER Futurparlerez
66.7%
PARLER Futurparleront
66.7%
SE LAVER Passé Composése sont lavés
63.2%
SE LAVER Imparfaitvous laviez
61.1%
SE LAVER Imparfaitse lavaient
61.1%
FINIR Futurfinirai
61.1%
FINIR Futurfiniras
61.1%
FINIR Futurfinira
61.1%
FINIR Futurfinirons
61.1%
FINIR Futurfinirez
61.1%
FINIR Futurfiniront
61.1%
VENDRE Futurvendrai
61.1%
VENDRE Futurvendras
61.1%
VENDRE Futurvendra
61.1%
VENDRE Futurvendrons
61.1%
VENDRE Futurvendrez
61.1%
VENDRE Futurvendront
61.1%
SE LAVER Futurme laverai
55.6%
SE LAVER Futurte laveras
50%
SE LAVER Futurse lavera
50%
SE LAVER Futurnous laverons
50%
SE LAVER Futurvous laverez
50%
SE LAVER Futurse laveront
50%
PARLER Cond. Présentparlerais
44.4%
PARLER Cond. Présentparlerais
44.4%
PARLER Cond. Présentparlerait
44.4%
PARLER Cond. Présentparleriez
44.4%
PARLER Cond. Présentparleraient
44.4%
FINIR Cond. Présentfinirais
44.4%
FINIR Cond. Présentfinirais
44.4%
FINIR Cond. Présentfinirait
44.4%
Hint Answer % Correct
FINIR Cond. Présentfinirions
44.4%
FINIR Cond. Présentfiniriez
44.4%
FINIR Cond. Présentfiniraient
44.4%
VENDRE Cond. Présentvendrais
44.4%
VENDRE Cond. Présentvendrais
44.4%
VENDRE Cond. Présentvendrait
44.4%
VENDRE Cond. Présentvendrions
44.4%
VENDRE Cond. Présentvendriez
44.4%
VENDRE Cond. Présentvendraient
44.4%
SE LAVER Cond. Présentme laverais
44.4%
SE LAVER Cond. Présentte laverais
44.4%
SE LAVER Cond. Présentse laverait
44.4%
SE LAVER Cond. Présentnous laverions
44.4%
SE LAVER Cond. Présentvous laveriez
44.4%
SE LAVER Cond. Présentse laveraient
44.4%
PARLER Subj. Présentparle
44.4%
PARLER Subj. Présentparles
44.4%
PARLER Subj. Présentparle
44.4%
PARLER Subj. Présentparlions
44.4%
PARLER Subj. Présentparliez
44.4%
PARLER Subj. Présentparlent
44.4%
FINIR Subj. Présentfinisse
44.4%
FINIR Subj. Présentfinisses
44.4%
FINIR Subj. Présentfinisse
44.4%
FINIR Subj. Présentfinissions
44.4%
FINIR Subj. Présentfinissiez
44.4%
FINIR Subj. Présentfinissent
44.4%
VENDRE Subj. Présentvende
44.4%
VENDRE Subj. Présentvendes
44.4%
VENDRE Subj. Présentvende
44.4%
VENDRE Subj. Présentvendions
44.4%
VENDRE Subj. Présentvendiez
44.4%
PARLER Cond. Présentparlerons
38.9%
VENDRE Subj. Présentvendent
38.9%
SE LAVER Subj. Présentme lave
38.9%
SE LAVER Subj. Présentte laves
38.9%
SE LAVER Subj. Présentse lave
33.3%
SE LAVER Subj. Présentnous lavions
33.3%
SE LAVER Subj. Présentvous laviez
33.3%
SE LAVER Subj. Présentse lavent
33.3%
VENDRE Impératifvendez
33.3%
PARLER Impératifparle
33.3%
PARLER Impératifparlons
33.3%
PARLER Impératifparlez
33.3%
FINIR Impératiffinis
33.3%
FINIR Impératiffinissons
33.3%
FINIR Impératiffinissez
33.3%
VENDRE Impératifvends
33.3%
VENDRE Impératifvendons
33.3%
SE LAVER Impératiflavons-nous
27.8%
SE LAVER Impératiflave-toi
27.8%
SE LAVER Impératiflavez-vous
27.8%

You're not logged in!

Compare scores with friends on all Sporcle quizzes.
Join for Free
OR
Log In

You Might Also Like...

Show Comments

Extras

Top Quizzes Today


Score Distribution

Your Account Isn't Verified!

In order to create a playlist on Sporcle, you need to verify the email address you used during registration. Go to your Sporcle Settings to finish the process.

Report this User

Report this user for behavior that violates our Community Guidelines.

Details: